Európska únia a kultúra

Európsky kontinent je kontinentom mnohých národov, jazykov a kultúr. Korene, ktoré nás v európskom priestore spájajú. Kultúra, ako taká má zvláštnu pozíciu v Európskej únii. Môže byť považovaná za prvok stability európskeho priestoru, no na druhej strane pôsobí destabilizujúco. Myšlienka uplatňovani...

Ausführliche Beschreibung

Gespeichert in:
Bibliographische Detailangaben
1. Verfasser: Tökölyová, Tatiana
Format: Buchkapitel
Sprache:Slowakisch
Schlagworte:
Tags: Tag hinzufügen
Keine Tags, Fügen Sie das erste Tag hinzu!

MARC

LEADER 00000nla$a2200000$$$4500
001 0128123
005 20221103134407.3
041 0 |a slo 
044 |a SK 
245 1 0 |a Európska únia a kultúra  |c Tatiana Tökölyová 
520 |a Európsky kontinent je kontinentom mnohých národov, jazykov a kultúr. Korene, ktoré nás v európskom priestore spájajú. Kultúra, ako taká má zvláštnu pozíciu v Európskej únii. Môže byť považovaná za prvok stability európskeho priestoru, no na druhej strane pôsobí destabilizujúco. Myšlienka uplatňovania multikulturalizmu ako politiky uznania a rešpektovania hodnoty všetkých kultúr v Európskej únii a jej priestore. 
610 2 0 |a Európska únia 
610 2 0 |a kultúra 
610 2 0 |a multikulturalizmus 
100 1 |a Tökölyová, Tatiana